Normal view
MARC view
Entry Personal Name
001 - CONTROL NUMBER
- control field: 71750
003 - CONTROL NUMBER IDENTIFIER
- control field: OSt
005 - DATE AND TIME OF LATEST TRANSACTION
- control field: 20180407133931.0
008 - FIXED-LENGTH DATA ELEMENTS
- fixed length control field: 180407|| aca||aabn | a|a d
040 ## - CATALOGING SOURCE
- Original cataloging agency: OSt
- Transcribing agency: OSt
100 ## - HEADING--PERSONAL NAME
- Personal name: गुरचरण सिंह अरशी
670 ## - SOURCE DATA FOUND
- Source citation: Work cat.: (OSt): गुरचरण सिंह अरशी, देवेन्द्र सत्यार्थी की चुनिंदा कहानियां, 2014









